South Eastern Kenya University

Library Online Public Access Catalogue


Dermatology research focus on acne, melanoma and psoriasis / (Record no. 14328)

MARC details
000 -LEADER
fixed length control field 00492cam a22001694a 4500
020 ## - ISBN
International Standard Book Number 9781608760756 (hardcover)
020 ## - ISBN
International Standard Book Number 1608760758 (hardcover)
050 00 - LIBRARY OF CONGRESS CALL NUMBER
Classification Number RL131
Item Number .D47 2010
245 00 - TITLE
Title Dermatology research focus on acne, melanoma and psoriasis /
Statement of responsibility, etc David E. Roth, editor.
260 ## - PUBLICATION, DISTRIBUTION, ETC.(IMPRINT)
Place of publication, distribution, etc New York :
Name of publisher, distributor, etc Nova Science Publishers,
Date of publication, distribution, etc c2010.
300 ## - PHYSICAL DESCRIPTION
Extent xv, 332 p. :
650 12 - SUBJECT--TOPIC
General subdivision therapy.
650 22 - SUBJECT--TOPIC
General subdivision therapy.
650 22 - SUBJECT--TOPIC
General subdivision therapy.
700 1# - ADDED ENTRY--PERSONAL AUTHOR
Personal Name Roth, David E.,
942 ## - ADDED ENTRY ELEMENTS(KOHA)
Source of classification or shelving scheme Library of Congress Classification
Koha item type General circulation
Holdings
Source of classification or shelving scheme Not for loan Location (home branch) Sublocation (holding branch) Shelving location Date accessioned Full call number Barcode Nonpublic note Koha item type
Library of Congress Classification   Main Campus Library Main Campus Library   23/05/2016 RL131 .D47 2010 2016/018586 amm General circulation
Kitui, Kenya.
+254736116989
library@seku.ac.ke